Countries That Want To Join The EU The Most - Statistics

General Stats
  • This quiz has been taken 39 times
  • The average score is 8 of 9
Answer Stats
% Country % Correct
83 Bosnia and Herzegovina
95%
56 Turkey
92%
88 Ukraine
92%
79 North Macedonia
89%
94 Albania
86%
90 Kosovo
86%
61 Moldova
84%
83 Montenegro
78%
87 Georgia
76%
No matching quizzes found
Score Distribution
Percent of People with Each Score
Percentile by Number Answered
Your Score History
You have not taken this quiz